Geomex test - Statystyki

Ogólne statystyki
  • Ten quiz został rozwiązany 178 razy
  • Średni wynik to 1 z 15
Odpowiedzi na mapie
Odpowiedzi zakodowano w zielono-czerwonej skali na mapie do tego quizu, zgodnie z poniższymi procentami.
 
Statystyki odpowiedzi
Odpowiedzi % Poprawnych
Moskwa
82%
Nie
18%
Rzym
12%
Tak
10%
6
2%
Alianci
2%
Austria\Niemcy\Rosja
2%
1935
1%
20
1%
8
1%
Anglii
1%
Czechoslowacja
1%
Mongolia
1%
w Oswiecimiu
1%
Imperium Brytyjskie 1921
0%
Nie znaleziono quizów pasujących do podanych kryteriów
Rozkład punktacji
Procent ludzi z każdym wynikiem
Percentyl według liczby udzielonych odpowiedzi
Twoja historia wyników
Nie rozwiązałeś tego quizu